Normal view
MARC view
- Callwell.C.E.SIr
Entry Personal Name
001 - CONTROL NUMBER
- control field: 105796
003 - CONTROL NUMBER IDENTIFIER
- control field: NUST
005 - DATE AND TIME OF LATEST TRANSACTION
- control field: 20221224112224.0
008 - FIXED-LENGTH DATA ELEMENTS
- fixed length control field: 221224|| aca||aabn | a|a d
040 ## - CATALOGING SOURCE
- Original cataloging agency: NUST
- Transcribing agency: NUST
100 ## - HEADING--PERSONAL NAME
- Personal name: Callwell.C.E.SIr
670 ## - SOURCE DATA FOUND
- Source citation: Work cat.: (NUST)185260: Callwell.C.E.SIr, The Dardanelles /, c1924
